Finalcial accounting : (Record no. 102017)

MARC details
000 -LEADER
fixed length control field 00849nam a22002417a 4500
005 - DATE AND TIME OF LATEST TRANSACTION
control field 20170509141719.0
008 - FIXED-LENGTH DATA ELEMENTS--GENERAL INFORMATION
fixed length control field 161213b xxu||||| |||| 00| 0 eng d
010 ## - LCCN (DPL NO)
LC control number ENG-116799
020 ## - INTERNATIONAL STANDARD BOOK NUMBER
International Standard Book Number 9788120349490
Terms of availability 595.00
035 ## - SYSTEM CONTROL NUMBER
System control number EN-100331
035 ## - SYSTEM CONTROL NUMBER
System control number B-665142
037 ## - SOURCE OF ACQUISITION
Source of stock number/acquisition DBAD/PUB
082 ## - DEWEY DECIMAL CLASSIFICATION NUMBER
Classification number 657
100 ## - MAIN ENTRY--PERSONAL NAME
Personal name Narayanaswamy,R.
245 ## - TITLE STATEMENT
Title Finalcial accounting :
Statement of responsibility, etc by R. Narayanaswamy
250 ## - EDITION STATEMENT
Edition statement 5th ed
260 ## - PUBLICATION, DISTRIBUTION, ETC. (IMPRINT)
Place of publication, distribution, etc Delhi
Name of publisher, distributor, etc PHI Learning
Date of publication, distribution, etc 2015
270 ## - ADDRESS
Address Rimjhim House,111 Patparganj industrial Estate
City Delhi
Postal code 110092
300 ## - PHYSICAL DESCRIPTION
Extent xii,650p.:
Dimensions 24cm (pbk)
Other physical details ill.
500 ## - GENERAL NOTE
General note Includes index
942 ## - ADDED ENTRY ELEMENTS (KOHA)
Source of classification or shelving scheme Dewey Decimal Classification
Item type English Books
Classification part 657
Call number suffix NAR
Holdings
Withdrawn status Lost status Source of classification or shelving scheme Damaged status Not for loan Collection code Home library Current library Date acquired Source of acquisition Cost, normal purchase price Total Checkouts Full call number Barcode Date last seen Copy number Cost, replacement price Koha item type Total Renewals
    Dewey Decimal Classification     Non-fiction Ashok Vihar Ashok Vihar 09/05/2017 BPPD/EN/2016-17/AV/16-17/452/15.2.2017/5058/28.2.2017/ 7.3.2017 595.00 5 657 NAR B-665142 08/12/2021 1 595.00 English Books 1
    Dewey Decimal Classification     Non-fiction Central Jail Tihar Central Jail Tihar 13/12/2016 DBAD/PUB 595.00   657 NAR EN-100331 13/12/2016 1 595.00 English Books  

© Delhi Public Library
Hit Counter
free hit counter